00346nam a2200121Ia 4500008004000000020001700040082001600057100002100073245005000094260004300144300001300187650002400200210210b2005 xxu||||| |||| 00| 0 eng d a0333 92547 5 a660.65 MITG aMITRA (Sandhya). aGenetic engineering: principles and practice. aNew DelhibMacmillan India Ltd.c2005 axxii,725 aGenetic Engineering